Normal view
MARC view
Entry Topical Term
001 - CONTROL NUMBER
- control field: 17854
003 - CONTROL NUMBER IDENTIFIER
- control field: OSt
005 - DATE AND TIME OF LATEST TRANSACTION
- control field: 20260116211814.0
008 - FIXED-LENGTH DATA ELEMENTS
- fixed length control field: 260116|| aca||aabn | a|a d
040 ## - CATALOGING SOURCE
- Original cataloging agency: OSt
- Transcribing agency: OSt
150 ## - HEADING--TOPICAL TERM
- Topical term or geographic name entry element: Work-life balance -- Philippines -- Cavite
670 ## - SOURCE DATA FOUND
- Source citation: Work cat.: (OSt): Hebron, Allyssa R., author. 17853, Work-life balance issues among managers working in hotels in selected areas of Cavite /, 2022.
